Central Library OPAC University of Rajshahi

Subjective well-Being of Majority and Minority people of Bangladesh as a function of their Gender, Education, Income and Employment status / (Record no. 79368)

MARC details
000 -LEADER
fixed length control field 00939nam a2200241 a 4500
001 - CONTROL NUMBER
RUCL Control Number 79368
003 - CONTROL NUMBER IDENTIFIER
rucl marc code BD-RjUL
005 - DATE AND TIME OF LATEST TRANSACTION
control field 20220521165717.0
008 - FIXED-LENGTH DATA ELEMENTS--GENERAL INFORMATION
fixed length control field 220214s2008 bg a|||| m||| 00| 0 eng d
035 ## - SYSTEM CONTROL NUMBER
system control number (BD-RjUL)79368
040 ## - CATALOGING SOURCE
Original cataloging agency BD-RjUL
Language of cataloging eng
Modifying agency BD-RjUL
041 ## - LANGUAGE CODE
Language code of Book eng
082 ## - DEWEY DECIMAL CLASSIFICATION NUMBER
DDC Edition number 23
Classification number 158
Author mark and Year MUS 2008
100 ## - MAIN ENTRY--PERSONAL NAME
Personal name Muhammad, Noor
9 (RLIN) 1302
245 10 - TITLE STATEMENT
Title Subjective well-Being of Majority and Minority people of Bangladesh as a function of their Gender, Education, Income and Employment status /
Statement of responsibility, etc Submitted by Noor Muhammad ;
Name of Supervisor/Co-Supervisor Supervisor : Md. Abdul Latif
260 ## - PUBLICATION, DISTRIBUTION, ETC. (IMPRINT)
Place of publication, distribution, etc Rajshahi :
Name of publisher, distributor, etc Department of Psychology, University of Rajshahi,
Date of publication, distribution, etc 2008
300 ## - PHYSICAL DESCRIPTION
Pagination xi, 187 leaves :
Other physical details ill ;
Dimensions 29 cm.
502 ## - DISSERTATION NOTE
Dissertation note Thesis (Ph. D.)-- Department of Psychology, Rajshahi University, 2008
504 ## - BIBLIOGRAPHY, ETC. NOTE
Bibliography, etc References : leaves [126]-152
650 ## - SUBJECT ADDED ENTRY--TOPICAL TERM
Topical term or geographic name as entry element Well-being
Geographic subdivision Bangladesh
9 (RLIN) 3102
700 ## - ADDED ENTRY--SUPERVISOR/CO-SUPERVISOR NAME
Personal name Latif, Md. Abdul, Supervisor
9 (RLIN) 1304
942 ## - ADDED ENTRY ELEMENTS (KOHA)
Source of classification or shelving scheme Dewey Decimal Classification
Koha item type Theses
Holdings
Source of classification or shelving scheme Damaged status Not for loan Collection code Permanent Location Current Location Shelving location Date of accession Source of acquisition Full call number Barcode Date last seen Copy number Thesis
Dewey Decimal Classification   Not For Loan Theses Central Library, University of Rajshahi Central Library, University of Rajshahi Documentation Section 02/11/2010 Controller of Exam. R.U. THE 158 MUS 2008 D3109 14/02/2022 C-1 Theses